Le festin - Ratatouille (Paroles) - Statistiques

Statistiques générales
  • Ce quiz a été pris 629 fois
  • Le résultat moyen est 113 sur 162
Statistiques - réponses
Paroles % Correct
le
97%
Le
97%
A
94%
à
94%
la
94%
La
94%
Les
92%
les
92%
je
90%
Je
90%
bien
87%
de
86%
vie
86%
ne
84%
suis
84%
est
83%
dans
82%
ça
81%
des
80%
un
80%
Un
80%
bon
79%
Et
79%
et
79%
ma
79%
comme
78%
n'est
78%
vin
78%
amoureux
77%
ce
77%
du
77%
rien
77%
en
76%
que
76%
sont
76%
chagrin
75%
ou
75%
plât
75%
Car
74%
Ils
74%
par
74%
gratuit
73%
trop
73%
joie
72%
rêves
72%
vite
71%
chemin
70%
consommé
70%
pas
70%
repas
70%
pour
69%
me
68%
moi
68%
donnent
67%
habitué
67%
malheureux
67%
L'espoir
66%
faim
65%
mon
65%
solitaire
65%
tout
65%
peux
64%
sauter
63%
Affaibli
62%
étoiles
62%
festin
62%
on
62%
triste
62%
Jamais
61%
dira
60%
nourrir
60%
vous
60%
aux
59%
enfin
57%
voleur
57%
course
56%
sur
53%
Volant
53%
émerveiller
52%
envol
52%
réussir
52%
prendre
50%
nous
49%
Nous
49%
Une
48%
nouvelle
45%
table
44%
veux
44%
allons
43%
amer
43%
heureux
43%
Laissez-moi
43%
cacher
42%
destin
42%
puis
42%
régaler
42%
va
42%
bouteilles
41%
dresse
41%
finis
41%
libre
41%
nouveau
41%
sortez
41%
l'idée
40%
ennuis
39%
commencer
38%
fête
37%
Aucun quiz correspondant
Distribution des résultats
% des personnes avec chaque résultat
Percentile par nombre de réponses
Votre historique - résultats
Vous n’avez pas pris ce quiz